Connectionist models of cognition and perception II : proceedings of the Eighth Neural Computation and Psychology Workshop : University of Kent, UK, 28-30 August 2003

This book collects together refereed versions of papers presented at the Eighth Neural Computation and Psychology Workshop (NCPW 8). NCPW is a well-established workshop series that brings together researchers from different disciplines, such as artificial intelligence, cognitive science, computer sc...

Полное описание

Сохранить в:
Библиографические подробности
Формат:
Язык:Undetermined
Опубликовано: River Edge, N.J.,London World Scientific 2004
Предметы:
Метки: Добавить метку
Нет меток, Требуется 1-ая метка записи!
Thư viện lưu trữ: Trung tâm Học liệu Trường Đại học Cần Thơ
LEADER 01283nam a2200217Ia 4500
001 CTU_156778
008 210402s9999 xx 000 0 und d
020 |c 146 
082 |a 006.32 
082 |b C752 
245 0 |a Connectionist models of cognition and perception II : 
245 0 |b proceedings of the Eighth Neural Computation and Psychology Workshop : University of Kent, UK, 28-30 August 2003 
245 0 |c editors, Howard Bowman, Christophe Labiouse. 
260 |a River Edge, N.J.,London 
260 |b World Scientific 
260 |c 2004 
520 |a This book collects together refereed versions of papers presented at the Eighth Neural Computation and Psychology Workshop (NCPW 8). NCPW is a well-established workshop series that brings together researchers from different disciplines, such as artificial intelligence, cognitive science, computer science, neurobiology, philosophy and psychology. The articles are centred on the theme of connectionist modelling of cognition and perception. 
650 |a Neural networks (Neurobiology),Neural computation,Neural networks (Computer science),Mạng nơron,Mạng nơron 
650 |x Psychological aspects,Khía cạnh tâm lý học 
904 |i Năm 
980 |a Trung tâm Học liệu Trường Đại học Cần Thơ